MARC details
| 000 -CABECERA |
| campo de control de longitud fija |
00894nam a2200253 a 4500 |
| 005 - FECHA Y HORA DE LA ÚLTIMA TRANSACCIÓN |
| campo de control |
20230202063645.0 |
| 008 - ELEMENTOS DE LONGITUD FIJA--INFORMACIÓN GENERAL |
| campo de control de longitud fija |
150225s1983 mx r 000 0 spa d |
| 020 ## - NÚMERO INTERNACIONAL NORMALIZADO PARA LIBROS |
| Número Internacional Estándar del Libro |
847423199X |
| 035 ## - NÚMERO DE CONTROL DEL SISTEMA |
| Número de control de sistema |
UPN01000202103 |
| 049 ## - COLECCIÓN |
| Colección |
CG |
| 050 #4 - SIGNATURA TOPOGRÁFICA DE LA BIBLIOTECA DEL CONGRESO |
| Número de clasificación |
P37 |
| Número de documento/Ítem |
T4.6 |
| 245 00 - MENCIÓN DE TÍTULO |
| Título |
Teorías del lenguaje, teorías del aprendizaje : |
| Resto del título |
el debate entre Jean Piaget y Noam Chomsky / |
| Mención de responsabilidad, etc. |
coord. Massimo Piattelli-Palmarini ; tr. Silvia Furió. |
| 260 ## - PUBLICACIÓN, DISTRIBUCIÓN, ETC. |
| Lugar de publicación, distribución, etc. |
Barcelona, Esp. : |
| Nombre del editor, distribuidor, etc. |
Crítica, |
| Fecha de publicación, distribución, etc. |
c1983. |
| 300 ## - DESCRIPCIÓN FÍSICA |
| Extensión |
456 p. |
| 440 #0 - MENCIÓN DE SERIE/ASIENTO SECUNDARIO--TÍTULO |
| Título |
General ; |
| Designación de volumen o secuencia |
108 |
| Nombre de parte o sección de la obra |
Estudios y ensayos |
| 534 ## - NOTA SOBRE LA VERSIÓN ORIGINAL |
| Frase introductoria |
Título original: |
| Mención de título del original |
Théories du langage, theories de l´apprentissage |
| 650 #7 - ASIENTO SECUNDARIO DE MATERIA - TERMINO TEMATICO |
| Término de materia o nombre geográfico como elemento de entrada |
Psicolingüística |
| Fuente del encabezamiento o término |
|
| 9 (RLIN) |
109 |
| 600 14 - ASIENTO SECUNDARIO DE MATERIA - NOMBRE PERSONAL |
| Nombre de persona |
CHOMSKY, NOAM, |
| Fechas asociadas al nombre |
1928- |
| 600 14 - ASIENTO SECUNDARIO DE MATERIA - NOMBRE PERSONAL |
| Nombre de persona |
PIAGET, JEAN, |
| Fechas asociadas al nombre |
1896-1980 |
| 650 #4 - ASIENTO SECUNDARIO DE MATERIA - TERMINO TEMATICO |
| Término de materia o nombre geográfico como elemento de entrada |
Cognición |
| 9 (RLIN) |
6446 |
| 700 1# - ASIENTO SECUNDARIO--NOMBRE DE PERSONAL |
| Nombre de persona |
Piattelli-Palmarini, Massimo, |
| Fechas asociadas al nombre |
1942- |
| Término indicativo de función/relación |
coord. |
| 9 (RLIN) |
38089 |
| 905 ## - TIPO DE MATERIAL |
| Tipo de material |
Libro |